000 00715nam a22002052 4500
001 0000008931
005 20151217155837.0
008 080620s xx 000 0 eng d
020 _cKES
040 _aKABU
_cKABU
245 1 0 _aUganda's approach to universal access & communications development funding :
_ba guide book for policy makers and regulators.
260 _aKampala :
_b U. C. C.,
_c2004.
300 _ax, 102 p.
650 0 _aTelephone
_xGovernment policy
_zUganda.
_@0000159728
650 0 _aUganda Communications Commission.
_@0000159729
700 1 _aUganda Communications Commission.
_@0000159739
908 _a080620
950 _@1
999 _c13146
_d13146